00552nam a22001817a 450000500170000001000150001702000260003203500140005803700090007208200130008110000170009424500930011125000110020426000680021527000640028330000200034770000030036720240704110911.0 aENG-140774 c195.00a9788122433326 aEN-124306 bDBAD a617.7058 aKhurana, A.K aReview Of Ophthalmology:bBased On & Free With Comprehensive Ophthalmology/cA.K Khurana aFifth  aNew Delhi bNew Age International (P) Limited, Publishersc2012 bNew Delhia4835/24 Ansari Road, Daryaganj New Delhie110002 a338p.c21cm(pb)